|
|
|
|
| LEADER |
00000cam a2200000 7i4500 |
| 001 |
0000003314 |
| 002 |
000003575 |
| 005 |
20081205.0 |
| 020 |
|
|
|a 9679422755
|
| 090 |
0 |
0 |
|a 330.917671
|b DEV
|
| 245 |
0 |
0 |
|a Development and the muslims :
|b the third International Islamic Geographical Conference 28 August - 2September 1988
|c edited by Kadir H. Din
|
| 260 |
|
|
|a Bangi :
|b UKM ,
|c 1993
|
| 300 |
|
|
|a 319 p. ;
|c 25 cm.
|
| 650 |
0 |
0 |
|a Economic development
|x Religious aspect
|x Islam
|x Congresses
|
| 650 |
0 |
0 |
|a Islamic countries
|x Economic conditions
|x Congresses
|
| 700 |
0 |
|
|a Kadir H.Din
|
| 999 |
|
|
|a 0366902
|b BUKU
|c PINJAMAN
|e PERPUSTAKAAN KOMUNITI PETALING JAYA
|
| 999 |
|
|
|a 036901
|b BUKU
|c MALAYSIANA
|e PERPUSTAKAAN KOMUNITI PETALING JAYA
|